[Event "Kuwait Rapid op 3rd"]
[Site "Kuwait City"]
[Date "2025.05.02"]
[Round "5"]
[White "Andriasian, Zaven"]
[Black "Barsov, Alexei"]
[Result "1-0"]
[WhiteElo "2547"]
[BlackElo "2323"]
[PlyCount "56"]
[EventDate "2025.05.02"]
[EventType "swiss (rapid)"]
[EventRounds "9"]
[EventCountry "KUW"]
[SourceTitle "CB19_2025"]
[SourceDate "2025.05.07"]
[SourceVersion "1"]
[SourceVersionDate "2025.05.07"]
[SourceQuality "1"]

1. e4 e6 2. d4 d5 3. Nc3 Nf6 4. e5 Nfd7 5. f4 c5 6. Nf3 Nc6 7. Be3 cxd4 8. Nxd4 Qb6 9. Qd2 Qxb2 10. Rb1 Qa3 11. Bb5 Nxd4 12. Bxd4 a6 13. Bxd7+ Bxd7 14. Rb3 Qe7 15. Rxb7 Qd8 16. 0-0 Qc8 17. Rb3 Bc5 18. h3 0-0 19. Kh2 Bb5 20. Rf3 Bxd4 21. Qxd4 Qc4 22. Qf2 Rac8 23. Qh4 f5 24. Rg3 Rc7 25. Qh6 d4 26. Nxb5 axb5 27. Rg5 Kh8 28. Qh4 Qxc2 1-0

[Event "Pavlodar Nikitin Memorial"]
[Site "Pavlodar"]
[Date "2025.02.03"]
[Round "5"]
[White "Fedorov, Alexei"]
[Black "Barsov, Alexei"]
[Result "1/2-1/2"]
[WhiteElo "2409"]
[BlackElo "2324"]
[PlyCount "20"]
[EventDate "2025.01.31"]
[EventType "tourn"]
[EventRounds "9"]
[EventCountry "KAZ"]
[EventCategory "2"]
[SourceTitle "CB07_2025"]
[SourceDate "2025.02.12"]
[SourceVersion "1"]
[SourceVersionDate "2025.02.12"]
[SourceQuality "1"]

1. e4 e6 2. d4 d5 3. exd5 exd5 4. Nf3 Nf6 5. Bd3 Bd6 6. Qe2+ Qe7 7. Qxe7+ Kxe7 8. 0-0 Re8 9. Re1+ Kf8 10. Rxe8+ Kxe8 1/2-1/2

[Event "Pavlodar Nikitin Memorial"]
[Site "Pavlodar"]
[Date "2025.02.02"]
[Round "4"]
[White "Barsov, Alexei"]
[Black "Abdsattar, Alisher"]
[Result "1-0"]
[WhiteElo "2324"]
[BlackElo "2114"]
[PlyCount "77"]
[EventDate "2025.01.31"]
[EventType "tourn"]
[EventRounds "9"]
[EventCountry "KAZ"]
[EventCategory "2"]
[SourceTitle "CB07_2025"]
[SourceDate "2025.02.12"]
[SourceVersion "1"]
[SourceVersionDate "2025.02.12"]
[SourceQuality "1"]

1. d4 Nf6 2. Nf3 g6 3. Nc3 d5 4. Bf4 Bg7 5. e3 a6 6. Be2 c5 7. dxc5 Nbd7 8. Nxd5 Nxd5 9. Qxd5 Bxb2 10. 0-0 Bxa1 11. Rxa1 0-0 12. Rd1 Qa5 13. Bh6 Nf6 14. Qe5 Be6 15. Bxf8 Kxf8 16. Ng5 Qxa2 17. Nxh7+ Kg7 18. Ng5 Qxc2 19. Nxe6+ fxe6 20. Bf3 Rc8 21. Qxe6 Qxc5 22. Bxb7 Rd8 23. Ra1 a5 24. g3 Rd7 25. Bf3 Ra7 26. Ra4 Qb5 27. Bc6 Qb6 28. Bd5 Qxe6 29. Bxe6 Ne8 30. h4 Kf6 31. Ba2 Nd6 32. g4 e5 33. f4 exf4 34. exf4 Rh7 35. h5 gxh5 36. g5+ Kg7 37. Rxa5 Rh8 38. Ra7+ Kf8 39. g6 1-0

[Event "Pavlodar Nikitin Memorial"]
[Site "Pavlodar"]
[Date "2025.02.01"]
[Round "2"]
[White "Barsov, Alexei"]
[Black "Orozbaev, Eldiar"]
[Result "1-0"]
[WhiteElo "2324"]
[BlackElo "2419"]
[PlyCount "191"]
[EventDate "2025.01.31"]
[EventType "tourn"]
[EventRounds "9"]
[EventCountry "KAZ"]
[EventCategory "2"]
[SourceTitle "CB07_2025"]
[SourceDate "2025.02.12"]
[SourceVersion "1"]
[SourceVersionDate "2025.02.12"]
[SourceQuality "1"]

1. d4 Nf6 2. c4 g6 3. Nf3 Bg7 4. g3 0-0 5. Bg2 d6 6. 0-0 c6 7. Nc3 Qb6 8. c5 dxc5 9. Na4 Qd8 10. Nxc5 Nbd7 11. Nd3 Nb6 12. Nc5 Nbd7 13. Nd3 Qb6 14. b3 Rd8 15. Ba3 Nd5 16. Rc1 N7f6 17. Nc5 a5 18. Bb2 a4 19. Ne5 a3 20. Ba1 Qc7 21. e4 Nb6 22. b4 Ne8 23. Qb3 e6 24. b5 Nd6 25. bxc6 bxc6 26. Nxc6 Qxc6 27. e5 Qc7 28. exd6 Qxd6 29. Bxa8 Nxa8 30. Nb7 Bxb7 31. Qxb7 Bf8 32. d5 Qxd5 33. Qxd5 exd5 34. Rc6 d4 35. Rd1 Bg7 36. Ra6 Nc7 37. Rxa3 Ne6 38. Kg2 h5 39. h4 Rc8 40. Rd2 Rc1 41. Bb2 Rc4 42. Rad3 Kf8 43. Re2 Ke7 44. Rb3 Kd6 45. Rb7 Nc7 46. Ba3+ Kc6 47. Reb2 Kd5 48. R2b3 Rc2 49. Bb2 Ke4 50. a4 Nd5 51. Rxf7 Be5 52. Kf1 Nc3 53. Bxc3 dxc3 54. Re7 Rc1+ 55. Ke2 Rc2+ 56. Kd1 Rd2+ 57. Kc1 Rxf2 58. Rxc3 Kd5 59. Rb3 Kc4 60. Re3 Bd4 61. Rc7+ Kd5 62. Rb3 Ra2 63. Rb4 Be5 64. Rc2 Ra1+ 65. Kd2 Bxg3 66. Ke3 Ra3+ 67. Ke2 Ra1 68. Kf3 Ra3+ 69. Kg2 Be1 70. Rb5+ Kd4 71. Rc6 Ra2+ 72. Kf1 Bxh4 73. Rb4+ Kd5 74. Rxg6 Be7 75. Rb5+ Kc4 76. Rxh5 Bb4 77. Ra6 Bd2 78. a5 Be3 79. Re6 Kd3 80. Rd5+ Kc4 81. Rf5 Bd4 82. a6 Ra1+ 83. Kg2 Rg1+ 84. Kh2 Rg7 85. Ra5 Ba7 86. Rc6+ Kb4 87. Rf5 Be3 88. Re6 Ba7 89. Kh3 Rc7 90. Re4+ Kc3 91. Rb5 Rc6 92. Ra4 Rh6+ 93. Kg4 Bf2 94. Kf3 Ba7 95. Rb7 Rf6+ 96. Ke4 1-0

[Event "Kuwait Rapid op 1st"]
[Site "Kuwait City"]
[Date "2025.01.09"]
[Round "4"]
[White "Aldaihani, Turki"]
[Black "Barsov, Alexei"]
[Result "0-1"]
[WhiteElo "1828"]
[BlackElo "2337"]
[PlyCount "86"]
[EventDate "2025.01.09"]
[EventType "swiss (rapid)"]
[EventRounds "9"]
[EventCountry "KUW"]
[SourceTitle "CB03_2025"]
[SourceDate "2025.01.15"]
[SourceVersion "1"]
[SourceVersionDate "2025.01.15"]
[SourceQuality "1"]

1. e4 e6 2. d4 d5 3. e5 c5 4. c3 Nc6 5. Nf3 Qb6 6. Bd3 cxd4 7. cxd4 Bd7 8. Nc3 Nxd4 9. Nxd4 Qxd4 10. Nb5 Qxe5+ 11. Be3 a6 12. Nd4 Bb4+ 13. Kf1 Bc5 14. Nf3 Qd6 15. Bxc5 Qxc5 16. Ne5 Nf6 17. Nxd7 Nxd7 18. Rc1 Qb6 19. Qc2 h6 20. Qc7 Qxc7 21. Rxc7 Kd8 22. Rxb7 Nc5 23. Rxf7 Nxd3 24. Ke2 Ne5 25. Rxg7 Rc8 26. Re1 Nd7 27. b4 Rf8 28. f3 Rf4 29. a3 h5 30. g3 Rfc4 31. Ke3 e5 32. Rd1 Rc3+ 33. Kf2 d4 34. Rg8+ Ke7 35. Rxc8 Rxc8 36. f4 Ke6 37. fxe5 Kxe5 38. Re1+ Kd5 39. Re7 Rc2+ 40. Ke1 Ne5 41. Kd1 Rxh2 42. Ra7 Nc4 43. Rxa6 d3 0-1

[Event "Kuwait Rapid op 1st"]
[Site "Kuwait City"]
[Date "2025.01.09"]
[Round "5"]
[White "Barsov, Alexei"]
[Black "Al Hosani, Omran"]
[Result "1-0"]
[WhiteElo "2337"]
[BlackElo "2198"]
[PlyCount "61"]
[EventDate "2025.01.09"]
[EventType "swiss (rapid)"]
[EventRounds "9"]
[EventCountry "KUW"]
[SourceTitle "CB03_2025"]
[SourceDate "2025.01.15"]
[SourceVersion "1"]
[SourceVersionDate "2025.01.15"]
[SourceQuality "1"]

1. d4 Nf6 2. c4 g6 3. Nf3 Bg7 4. g3 0-0 5. Bg2 d6 6. 0-0 Nc6 7. Nc3 a6 8. d5 Nb8 9. e4 e6 10. h3 exd5 11. cxd5 Re8 12. Re1 Nbd7 13. Nd4 a5 14. Ndb5 Nc5 15. Qc2 Bd7 16. a4 Qc8 17. Kh2 Bxb5 18. axb5 Nfd7 19. f4 h5 20. Be3 Re7 21. e5 h4 22. gxh4 dxe5 23. f5 e4 24. fxg6 f5 25. Rf1 Qf8 26. h5 b6 27. Kh1 Bxc3 28. Qxc3 Nd3 29. h6 f4 30. h7+ Rxh7 31. gxh7+ 1-0

[Event "Kyzylorda 1st"]
[Site "Kyzylorda"]
[Date "2024.11.05"]
[Round "4"]
[White "Amangeldy, Ernur"]
[Black "Barsov, Alexei"]
[Result "0-1"]
[WhiteElo "2198"]
[BlackElo "2323"]
[PlyCount "44"]
[EventDate "2024.11.03"]
[EventType "tourn"]
[EventRounds "9"]
[EventCountry "KAZ"]
[EventCategory "1"]
[SourceTitle "CB45_2024"]
[Source "ChessBase"]
[SourceDate "2024.11.06"]
[SourceVersion "1"]
[SourceVersionDate "2024.11.06"]
[SourceQuality "1"]

1. e4 e6 2. d4 d5 3. Nc3 Bb4 4. e5 Ne7 5. a3 Bxc3+ 6. bxc3 c5 7. h4 Qc7 8. h5 h6 9. Rb1 b6 10. Qg4 Nf5 11. Bd3 cxd4 12. Nf3 Rg8 13. 0-0 Ba6 14. Nxd4 Bxd3 15. cxd3 Qd7 16. Nb5 Nc6 17. Qa4 g6 18. Be3 Rc8 19. hxg6 Rxg6 20. Qf4 Ke7 21. g4 Nxe5 22. Qb4+ Nd6 0-1

[Event "Sharjah Blitz"]
[Site "Sharjah"]
[Date "2023.03.28"]
[Round "8"]
[White "Carandang, Roberto"]
[Black "Barsov, Alexei"]
[Result "1-0"]
[WhiteElo "1853"]
[BlackElo "2324"]
[PlyCount "66"]
[EventDate "2023.03.28"]
[EventType "swiss (blitz)"]
[EventRounds "9"]
[EventCountry "UAE"]
[SourceTitle "CBM 213 Extra"]
[Source "ChessBase"]
[SourceDate "2023.05.31"]
[SourceVersion "1"]
[SourceVersionDate "2023.05.31"]
[SourceQuality "1"]

1. d4 d5 2. e3 Nf6 3. Bd3 g6 4. Nd2 Bg7 5. f4 0-0 6. Ngf3 c5 7. c3 b6 8. 0-0 Ba6 9. Qe2 Bxd3 10. Qxd3 Nc6 11. Ne5 Rc8 12. Qb5 Nxe5 13. fxe5 Qd7 14. a4 Qxb5 15. axb5 Ng4 16. Rxa7 Nxe3 17. Re1 cxd4 18. cxd4 Nc2 19. Rd1 Nxd4 20. Kf1 e6 21. Nf3 Nxf3 22. gxf3 Bxe5 23. Be3 Rc2 24. Rd2 Rxd2 25. Bxd2 Bxb2 26. Be3 d4 27. Bh6 Rd8 28. Ke2 d3+ 29. Kd2 Bg7 30. Be3 h5 31. Bxb6 Bc3+ 32. Kd1 Rd5 33. Ba5 Bxa5 1-0

[Event "Johor op-A 7th"]
[Site "Johor"]
[Date "2022.12.28"]
[Round "4"]
[White "Genkeswaran, Genivan"]
[Black "Barsov, Alexei"]
[Result "1/2-1/2"]
[WhiteElo "1576"]
[BlackElo "2324"]
[PlyCount "46"]
[EventDate "2022.12.26"]
[EventType "swiss"]
[EventRounds "9"]
[EventCountry "MAS"]
[SourceTitle "CBM 212 Extra"]
[Source "ChessBase"]
[SourceDate "2023.03.31"]
[SourceVersion "1"]
[SourceVersionDate "2023.03.31"]
[SourceQuality "1"]

1. d4 d5 2. c4 e6 3. Nf3 Nf6 4. Nc3 Bb4 5. Bg5 Nbd7 6. cxd5 exd5 7. Qc2 c5 8. e3 Qa5 9. Bd3 c4 10. Bf5 0-0 11. 0-0 Re8 12. Bh4 g6 13. Bxf6 Nxf6 14. Bxc8 Raxc8 15. Ne5 Bxc3 16. bxc3 Ne4 17. Rac1 f6 18. Ng4 Kg7 19. f3 Nd6 20. Rfe1 f5 21. Ne5 Rc7 22. Rb1 Nf7 23. f4 Re6 1/2-1/2

[Event "Johor op-A 7th"]
[Site "Johor"]
[Date "2022.12.26"]
[Round "1"]
[White "Barsov, Alexei"]
[Black "Cai, Youyang"]
[Result "1-0"]
[WhiteElo "2324"]
[BlackElo "2036"]
[PlyCount "51"]
[EventDate "2022.12.26"]
[EventType "swiss"]
[EventRounds "9"]
[EventCountry "MAS"]
[SourceTitle "CBM 212 Extra"]
[Source "ChessBase"]
[SourceDate "2023.03.31"]
[SourceVersion "1"]
[SourceVersionDate "2023.03.31"]
[SourceQuality "1"]

1. d4 Nf6 2. Nf3 g6 3. Nc3 d5 4. Bf4 Bg7 5. e3 0-0 6. Be2 c5 7. dxc5 Nbd7 8. Nxd5 Nxd5 9. Qxd5 Bxb2 10. 0-0 Bxa1 11. Rxa1 Nf6 12. Qb3 Be6 13. Qxb7 Qc8 14. c6 Bd5 15. Qxe7 Qxc6 16. Nd4 Qb6 17. Bb5 Qd8 18. Bd6 a6 19. Ba4 Ne4 20. Qxf8+ Qxf8 21. Bxf8 Rxf8 22. Bb3 Bb7 23. f3 Nc3 24. Kf2 a5 25. Ne2 Nd5 26. Rd1 1-0

[Event "Colombo Golden Jubilee op"]
[Site "Colombo"]
[Date "2022.11.27"]
[Round "9"]
[White "Barsov, Alexei"]
[Black "Liyanage, Pesandu Rashmitha"]
[Result "1/2-1/2"]
[WhiteElo "2327"]
[BlackElo "1812"]
[PlyCount "50"]
[EventDate "2022.11.23"]
[EventType "swiss"]
[EventRounds "9"]
[EventCountry "SRI"]
[SourceTitle "CBM 211 Extra"]
[Source "ChessBase"]
[SourceDate "2023.01.31"]
[SourceVersion "1"]
[SourceVersionDate "2023.01.31"]
[SourceQuality "1"]

1. d4 Nf6 2. c4 g6 3. Nf3 Bg7 4. g3 0-0 5. Bg2 d6 6. 0-0 c6 7. Nc3 a6 8. a4 a5 9. h3 Na6 10. e4 Qc7 11. Bf4 Nd7 12. c5 e5 13. cxd6 Qxd6 14. dxe5 Qxd1 15. Raxd1 Re8 16. Rfe1 Nxe5 17. Bxe5 Bxe5 18. Nxe5 Rxe5 19. Rd8+ Kg7 20. f4 Re7 21. e5 Nc5 22. Red1 Ne6 23. R8d6 Nc5 24. Rd8 Ne6 25. R8d6 Nc5 1/2-1/2

[Event "Colombo Golden Jubilee op"]
[Site "Colombo"]
[Date "2022.11.24"]
[Round "3"]
[White "Sivathanujan, S."]
[Black "Barsov, Alexei"]
[Result "0-1"]
[WhiteElo "1731"]
[BlackElo "2327"]
[PlyCount "97"]
[EventDate "2022.11.23"]
[EventType "swiss"]
[EventRounds "9"]
[EventCountry "SRI"]
[SourceTitle "CBM 211 Extra"]
[Source "ChessBase"]
[SourceDate "2023.01.31"]
[SourceVersion "1"]
[SourceVersionDate "2023.01.31"]
[SourceQuality "1"]

1. e4 e6 2. d4 d5 3. Nd2 c5 4. exd5 Qxd5 5. Ngf3 cxd4 6. Bc4 Qd7 7. 0-0 a6 8. a4 Nc6 9. Nb3 Nf6 10. Nbxd4 Nxd4 11. Qxd4 Qxd4 12. Nxd4 Bd7 13. h3 Rc8 14. Bb3 Bc5 15. Be3 Ke7 16. Rfe1 Rhd8 17. Nf5+ Kf8 18. Bxc5+ Rxc5 19. Ne3 Bc6 20. Rad1 Ke7 21. Rxd8 Kxd8 22. Rd1+ Kc7 23. f3 Nd7 24. c3 Re5 25. Nc4 Rg5 26. h4 Rh5 27. Rd4 Nc5 28. Nd2 e5 29. Rg4 g6 30. Bxf7 Nxa4 31. Nf1 Nxb2 32. Ng3 Rh6 33. h5 gxh5 34. Bxh5 Nd1 35. c4 Ne3 36. Rg7+ Kb6 37. Bf7 Kc5 38. Bg8 Rg6 39. Rxg6 hxg6 40. Bh7 g5 41. Be4 a5 42. Kf2 Nxc4 43. Bxc6 Kxc6 44. Ne4 a4 45. Nc3 a3 46. Ke2 b5 47. Kd3 b4 48. Na2 b3 49. Nb4+ 0-1